000 00495nam a22001817a 4500
003 OSt
005 20250708061447.0
008 250708b |||||||| |||| 00| 0 eng d
020 _a 0809428792
040 _aDWCL - Main lib
_cOC
082 _aCirc. 641.83 S159 1980
245 _aSalads/
260 _aVirginia :
_bTime-Life Books,
_cc1980.
300 _a176 pages :
_b illustrations (color) ;
_c28 cm.
504 _aIncludes index.
650 _a1. Salads.
942 _2ddc
_cBK-CIRC
_kCirc.
_n0
999 _c3461
_d3461